[Event "DEM U8 2025"]
[Site "Willingen GER"]
[Date "2025.06.13"]
[Round "5"]
[White "Breaz, Arthur"]
[Black "Öngün, Magnus"]
[Result "0-1"]
[Termination "normal"]
[Board "14"]
[WhiteElo "1409"]
[BlackElo "1165"]
[WhiteClock "00:41:40"]
[BlackClock "00:52:15"]
[PlyCount "80"]
[WhiteFideId "42217008"]
[BlackFideId "533004978"]
[EventCountry "GER"]
[EventRounds "7"]
[EventType "swiss"]
[EventDate "2025.06.10"]

1. e4 {[%clk 01:00:28]} {[%emt 00:00:02]} e5 {[%clk 01:00:23]} {[%emt
00:00:08]} 2. Nf3 {[%clk 01:00:34]} {[%emt 00:00:07]} Nf6 {[%clk 01:00:15]}
{[%emt 00:00:24]} 3. Nxe5 {[%clk 01:00:44]} {[%emt 00:00:05]} d6 {[%clk
01:00:15]} {[%emt 00:00:15]} 4. Nf3 {[%clk 01:00:41]} {[%emt 00:00:18]} Nxe4
{[%clk 01:00:20]} {[%emt 00:00:10]} 5. d4 {[%clk 01:00:50]} {[%emt 00:00:05]}
d5 {[%clk 01:00:13]} {[%emt 00:00:23]} 6. Bd3 {[%emt 00:00:17]} Bd6 {[%clk
01:00:16]} {[%emt 00:00:03]} 7. O-O {[%clk 01:01:04]} {[%emt 00:00:09]} O-O
{[%clk 00:59:58]} {[%emt 00:00:33]} 8. c4 {[%clk 01:00:55]} {[%emt 00:00:25]}
c6 {[%clk 00:59:51]} {[%emt 00:00:21]} 9. Nc3 {[%clk 01:00:39]} {[%emt
00:00:30]} Nxc3 {[%clk 00:59:50]} {[%emt 00:00:17]} 10. bxc3 {[%clk 01:00:46]}
{[%emt 00:00:08]} Bg4 {[%clk 00:59:44]} {[%emt 00:00:21]} 11. h3 {[%clk
01:00:48]} {[%emt 00:00:13]} Bh5 {[%clk 00:59:45]} {[%emt 00:00:14]} 12. Bg5
{[%clk 01:00:42]} {[%emt 00:00:20]} Bxf3 {[%emt 00:02:46]} 13. Qxf3 {[%clk
00:59:47]} {[%emt 00:01:07]} Qxg5 {[%clk 00:59:31]} {[%emt 00:00:08]} 14. Rfe1
{[%clk 00:59:27]} {[%emt 00:00:35]} Nd7 {[%clk 00:59:30]} {[%emt 00:00:16]} 15.
Rab1 {[%clk 00:59:15]} {[%emt 00:00:27]} dxc4 {[%clk 00:59:22]} {[%emt
00:00:24]} 16. Bxc4 {[%clk 00:59:17]} {[%emt 00:00:14]} Nb6 {[%clk 00:59:26]}
{[%emt 00:00:11]} 17. Bd3 {[%clk 00:59:26]} {[%emt 00:00:05]} c5 {[%clk
00:59:23]} {[%emt 00:00:18]} 18. Qe4 {[%clk 00:58:57]} {[%emt 00:00:44]} f5
{[%clk 00:59:16]} {[%emt 00:00:22]} 19. Qe6+ {[%clk 00:58:58]} {[%emt
00:00:14]} Kh8 {[%clk 00:58:53]} {[%emt 00:00:38]} 20. Qxd6 {[%clk 00:58:56]}
{[%emt 00:00:17]} cxd4 {[%clk 00:58:44]} {[%emt 00:00:24]} 21. Qxd4 {[%clk
00:58:18]} {[%emt 00:00:52]} Rad8 {[%clk 00:57:40]} {[%emt 00:01:20]} 22. Qe3
{[%clk 00:56:48]} {[%emt 00:01:45]} Qxe3 {[%clk 00:57:44]} {[%emt 00:00:11]}
23. Rxe3 {[%clk 00:56:45]} {[%emt 00:00:18]} Nd5 {[%clk 00:57:49]} {[%emt
00:00:10]} 24. Rf3 {[%clk 00:55:54]} {[%emt 00:01:06]} Nxc3 {[%clk 00:57:55]}
{[%emt 00:00:09]} 25. Rxb7 {[%clk 00:56:05]} {[%emt 00:00:05]} Nxa2 {[%clk
00:57:44]} {[%emt 00:00:26]} 26. Rxa7 {[%clk 00:55:21]} {[%emt 00:00:59]} Nc1
{[%clk 00:57:34]} {[%emt 00:00:24]} 27. Bxf5 {[%clk 00:54:55]} {[%emt
00:00:41]} Ne2+ {[%clk 00:57:41]} {[%emt 00:00:07]} 28. Kh2 {[%clk 00:52:29]}
{[%emt 00:02:42]} Nd4 {[%clk 00:57:25]} {[%emt 00:00:31]} 29. Rc3 {[%clk
00:52:37]} {[%emt 00:00:07]} Rxf5 {[%clk 00:57:22]} {[%emt 00:00:18]} 30. Rcc7
{[%clk 00:51:32]} {[%emt 00:01:20]} Nb5 {[%clk 00:57:25]} {[%emt 00:00:12]} 31.
Rd7 {[%clk 00:51:14]} {[%emt 00:00:33]} Rdf8 {[%clk 00:57:09]} {[%emt
00:00:29]} 32. Rab7 {[%clk 00:51:03]} {[%emt 00:00:28]} Rg8 {[%clk 00:56:31]}
{[%emt 00:00:53]} 33. f3 {[%clk 00:49:33]} {[%emt 00:01:44]} Nc3 {[%clk
00:56:08]} {[%emt 00:00:40]} 34. Rdc7 {[%clk 00:48:20]} {[%emt 00:01:26]} Nd5
{[%clk 00:55:29]} {[%emt 00:00:54]} 35. Rd7 {[%clk 00:48:12]} {[%emt 00:00:24]}
Nf4 {[%clk 00:55:04]} {[%emt 00:00:40]} 36. Re7 {[%clk 00:45:38]} {[%emt
00:02:49]} Rg5 {[%clk 00:54:19]} {[%emt 00:01:00]} 37. g4 {[%clk 00:45:09]}
{[%emt 00:00:44]} Rg6 {[%clk 00:53:42]} {[%emt 00:00:51]} 38. Rbd7 {[%clk
00:43:02]} {[%emt 00:02:23]} Rh6 {[%clk 00:53:35]} {[%emt 00:00:22]} 39. Kg3
{[%clk 00:42:14]} {[%emt 00:01:03]} Nxh3 {[%clk 00:52:12]} {[%emt 00:01:38]}
40. g5 {[%clk 00:41:40]} {[%emt 00:00:49]} Nxg5 {[%clk 00:52:15]} {[%emt
00:00:12]} 0-1

[Event "DEM U8 2025"]
[Site "Willingen GER"]
[Date "2025.06.13"]
[Round "5"]
[White "Komar, Mykhail"]
[Black "Obermeier, Vitus"]
[Result "0-1"]
[Termination "normal"]
[Board "15"]
[WhiteElo "1462"]
[BlackElo "1313"]
[WhiteClock "00:51:21"]
[BlackClock "00:47:48"]
[PlyCount "76"]
[WhiteFideId "533021864"]
[EventCountry "GER"]
[EventRounds "7"]
[EventType "swiss"]
[EventDate "2025.06.10"]

1. e4 {[%clk 01:00:27]} {[%emt 00:00:02]} e5 {[%clk 01:00:26]} {[%emt
00:00:05]} 2. Nf3 {[%clk 01:00:32]} {[%emt 00:00:10]} Nc6 {[%clk 01:00:30]}
{[%emt 00:00:10]} 3. d4 {[%clk 01:00:41]} {[%emt 00:00:06]} exd4 {[%clk
00:59:56]} {[%emt 00:00:50]} 4. Nxd4 {[%clk 01:00:48]} {[%emt 00:00:08]} Nxd4
{[%clk 00:59:51]} {[%emt 00:00:20]} 5. Qxd4 {[%clk 01:00:54]} {[%emt 00:00:08]}
Nf6 {[%clk 01:00:01]} {[%emt 00:00:05]} 6. Nc3 {[%clk 01:00:48]} {[%emt
00:00:21]} b6 {[%clk 00:59:42]} {[%emt 00:00:35]} 7. e5 {[%clk 01:00:38]}
{[%emt 00:00:25]} Bc5 {[%clk 00:59:46]} {[%emt 00:00:11]} 8. Qd1 {[%clk
01:00:31]} {[%emt 00:00:21]} Qe7 {[%clk 00:59:14]} {[%emt 00:00:47]} 9. Qe2
{[%clk 00:59:37]} {[%emt 00:01:09]} Ng8 {[%clk 00:58:53]} {[%emt 00:00:36]} 10.
Qe4 {[%clk 00:59:28]} {[%emt 00:00:25]} c6 {[%clk 00:58:37]} {[%emt 00:00:31]}
11. Bd3 {[%clk 00:59:09]} {[%emt 00:00:34]} d5 {[%clk 00:57:32]} {[%emt
00:01:20]} 12. exd6 {[%clk 00:59:01]} {[%emt 00:00:23]} Qxe4+ {[%clk 00:57:17]}
{[%emt 00:00:30]} 13. Nxe4 {[%clk 00:59:03]} {[%emt 00:00:13]} f5 {[%clk
00:56:53]} {[%emt 00:00:38]} 14. Nxc5 {[%clk 00:59:10]} {[%emt 00:00:09]} bxc5
{[%clk 00:56:52]} {[%emt 00:00:16]} 15. O-O {[%clk 00:59:09]} {[%emt 00:00:16]}
Nf6 {[%clk 00:56:19]} {[%emt 00:00:47]} 16. Rd1 {[%clk 00:58:45]} {[%emt
00:00:39]} O-O {[%clk 00:56:23]} {[%emt 00:00:11]} 17. Bc4+ {[%clk 00:58:51]}
{[%emt 00:00:09]} Kh8 {[%clk 00:56:32]} {[%emt 00:00:06]} 18. Bg5 {[%clk
00:58:37]} {[%emt 00:00:30]} Bd7 {[%clk 00:56:07]} {[%emt 00:00:40]} 19. Re1
{[%clk 00:58:19]} {[%emt 00:00:33]} Rfe8 {[%clk 00:55:52]} {[%emt 00:00:29]}
20. Bxf6 {[%clk 00:58:14]} {[%emt 00:00:20]} gxf6 {[%clk 00:55:57]} {[%emt
00:00:11]} 21. Bf7 {[%clk 00:58:11]} {[%emt 00:00:18]} Reb8 {[%clk 00:54:32]}
{[%emt 00:01:38]} 22. Bb3 {[%clk 00:57:37]} {[%emt 00:00:51]} c4 {[%clk
00:54:03]} {[%emt 00:00:43]} 23. Bxc4 {[%clk 00:57:35]} {[%emt 00:00:16]} Rxb2
{[%clk 00:54:08]} {[%emt 00:00:11]} 24. Bb3 {[%clk 00:57:44]} {[%emt 00:00:07]}
c5 {[%clk 00:53:52]} {[%emt 00:00:30]} 25. Re7 {[%clk 00:57:34]} {[%emt
00:00:25]} Rd8 {[%clk 00:53:28]} {[%emt 00:00:37]} 26. Rf7 {[%clk 00:57:42]}
{[%emt 00:00:09]} a5 {[%clk 00:53:00]} {[%emt 00:00:44]} 27. Rxf6 {[%clk
00:57:06]} {[%emt 00:00:51]} a4 {[%clk 00:53:04]} {[%emt 00:00:11]} 28. Be6
{[%clk 00:56:28]} {[%emt 00:00:52]} Bc6 {[%clk 00:51:32]} {[%emt 00:01:47]} 29.
Bxf5 {[%clk 00:56:25]} {[%emt 00:00:19]} Rg8 {[%clk 00:51:08]} {[%emt
00:00:38]} 30. g3 {[%clk 00:56:09]} {[%emt 00:00:31]} Rgb8 {[%clk 00:50:11]}
{[%emt 00:01:10]} 31. c4 {[%clk 00:55:33]} {[%emt 00:00:53]} Rd2 {[%clk
00:49:16]} {[%emt 00:01:11]} 32. Rh6 {[%clk 00:55:15]} {[%emt 00:00:33]} Rf8
{[%clk 00:48:42]} {[%emt 00:00:47]} 33. Bxh7 {[%clk 00:54:53]} {[%emt
00:00:38]} Kg7 {[%clk 00:48:35]} {[%emt 00:00:22]} 34. Rh4 {[%clk 00:53:44]}
{[%emt 00:01:24]} Rdxf2 {[%clk 00:48:35]} {[%emt 00:00:16]} 35. Bd3 {[%clk
00:51:58]} {[%emt 00:02:01]} Rg2+ {[%clk 00:48:27]} {[%emt 00:00:22]} 36. Kh1
{[%clk 00:52:07]} {[%emt 00:00:07]} Rxa2+ {[%clk 00:47:45]} {[%emt 00:00:57]}
37. Kg1 {[%clk 00:51:22]} {[%emt 00:01:00]} Rxa1+ {[%clk 00:47:48]} {[%emt
00:00:12]} 38. Bf1 {[%clk 00:51:21]} {[%emt 00:01:58]} Rfxf1# {[%emt 00:00:14]}
0-1

[Event "DEM U8 2025"]
[Site "Willingen GER"]
[Date "2025.06.13"]
[Round "5"]
[White "Storl, Jaro"]
[Black "Lassak, Max"]
[Result "1-0"]
[Termination "normal"]
[Board "16"]
[WhiteElo "1281"]
[BlackElo "1025"]
[WhiteClock "00:08:03"]
[BlackClock "00:07:04"]
[PlyCount "149"]
[EventCountry "GER"]
[EventRounds "7"]
[EventType "swiss"]
[EventDate "2025.06.10"]

1. d4 {[%clk 01:00:25]} {[%emt 00:00:04]} d5 {[%clk 01:00:18]} {[%emt
00:00:13]} 2. c4 {[%clk 01:00:33]} {[%emt 00:00:07]} c6 {[%clk 01:00:03]}
{[%emt 00:00:31]} 3. Nc3 {[%clk 01:00:38]} {[%emt 00:00:09]} Nf6 {[%clk
01:00:01]} {[%emt 00:00:18]} 4. Nf3 {[%clk 01:00:20]} {[%emt 00:00:33]} Bf5
{[%clk 00:59:50]} {[%emt 00:00:26]} 5. Bf4 {[%clk 00:58:54]} {[%emt 00:01:40]}
e6 {[%clk 00:58:54]} {[%emt 00:01:12]} 6. e3 {[%clk 00:58:00]} {[%emt
00:01:09]} Bb4 {[%clk 00:58:40]} {[%emt 00:00:28]} 7. a3 {[%clk 00:55:56]}
{[%emt 00:02:20]} Bxc3+ {[%clk 00:58:33]} {[%emt 00:00:21]} 8. bxc3 {[%clk
00:55:27]} {[%emt 00:00:44]} O-O {[%clk 00:57:59]} {[%emt 00:00:49]} 9. Be2
{[%clk 00:54:02]} {[%emt 00:01:41]} Ne4 {[%clk 00:57:53]} {[%emt 00:00:20]} 10.
Rc1 {[%clk 00:53:30]} {[%emt 00:00:44]} Qe7 {[%clk 00:54:53]} {[%emt 00:03:17]}
11. Qb3 {[%clk 00:52:31]} {[%emt 00:01:15]} b6 {[%clk 00:52:19]} {[%emt
00:02:50]} 12. O-O {[%clk 00:52:30]} {[%emt 00:00:15]} Bg4 {[%clk 00:51:18]}
{[%emt 00:01:14]} 13. cxd5 {[%clk 00:44:57]} {[%emt 00:07:51]} exd5 {[%clk
00:50:39]} {[%emt 00:00:53]} 14. Rc2 {[%clk 00:36:33]} {[%emt 00:08:40]} Bxf3
{[%clk 00:43:12]} {[%emt 00:07:41]} 15. Bxf3 {[%clk 00:35:36]} {[%emt
00:01:12]} Rd8 {[%clk 00:42:04]} {[%emt 00:01:21]} 16. Qb4 {[%clk 00:27:44]}
{[%emt 00:08:08]} Qxb4 {[%clk 00:41:49]} {[%emt 00:00:31]} 17. cxb4 {[%clk
00:25:56]} {[%emt 00:02:03]} Nf6 {[%clk 00:32:57]} {[%emt 00:09:07]} 18. Bxb8
{[%clk 00:24:34]} {[%emt 00:01:38]} Raxb8 {[%clk 00:33:00]} {[%emt 00:00:11]}
19. Rxc6 {[%clk 00:24:27]} {[%emt 00:00:22]} Ne8 {[%clk 00:26:49]} {[%emt
00:06:26]} 20. Rfc1 {[%clk 00:23:33]} {[%emt 00:01:09]} g6 {[%clk 00:26:01]}
{[%emt 00:01:03]} 21. Bg4 {[%clk 00:22:52]} {[%emt 00:00:53]} Nd6 {[%clk
00:25:10]} {[%emt 00:01:09]} 22. R6c3 {[%clk 00:21:29]} {[%emt 00:01:38]} Nb5
{[%clk 00:23:59]} {[%emt 00:01:27]} 23. Rb3 {[%emt 00:01:19]} f5 {[%clk
00:23:25]} {[%emt 00:00:46]} 24. Be2 {[%clk 00:20:31]} {[%emt 00:00:06]} Nd6
{[%clk 00:22:46]} {[%emt 00:01:00]} 25. f3 {[%clk 00:19:24]} {[%emt 00:01:22]}
Rdc8 {[%clk 00:21:38]} {[%emt 00:01:22]} 26. Rbc3 {[%clk 00:18:35]} {[%emt
00:01:04]} Rd8 {[%clk 00:21:09]} {[%emt 00:00:45]} 27. Kf2 {[%clk 00:18:19]}
{[%emt 00:00:29]} Kf7 {[%clk 00:21:02]} {[%emt 00:00:23]} 28. h3 {[%clk
00:18:09]} {[%emt 00:00:25]} Kf6 {[%clk 00:20:32]} {[%emt 00:00:42]} 29. Rc6
{[%clk 00:16:44]} {[%emt 00:01:43]} Rd7 {[%clk 00:19:40]} {[%emt 00:01:07]} 30.
Rc7 {[%clk 00:14:14]} {[%emt 00:02:45]} Rb7 {[%clk 00:18:57]} {[%emt 00:00:59]}
31. Rxb7 {[%clk 00:13:26]} {[%emt 00:01:02]} Rxb7 {[%clk 00:18:44]} {[%emt
00:00:28]} 32. Rc6 {[%clk 00:12:57]} {[%emt 00:00:44]} Ke7 {[%clk 00:17:56]}
{[%emt 00:01:04]} 33. Ba6 {[%clk 00:11:14]} {[%emt 00:01:58]} Rd7 {[%clk
00:16:53]} {[%emt 00:01:18]} 34. Bc8 {[%clk 00:10:03]} {[%emt 00:01:25]} Nxc8
{[%clk 00:16:50]} {[%emt 00:00:18]} 35. Rxc8 {[%clk 00:09:48]} {[%emt
00:00:31]} Kf6 {[%clk 00:16:14]} {[%emt 00:00:51]} 36. Ke2 {[%clk 00:08:58]}
{[%emt 00:01:04]} b5 {[%clk 00:15:18]} {[%emt 00:01:12]} 37. Kd3 {[%clk
00:08:09]} {[%emt 00:01:02]} Re7 {[%clk 00:14:35]} {[%emt 00:01:00]} 38. Rc6+
{[%clk 00:07:27]} {[%emt 00:00:56]} Kg7 {[%clk 00:14:33]} {[%emt 00:00:18]} 39.
g4 {[%clk 00:07:07]} {[%emt 00:00:35]} h6 {[%clk 00:14:13]} {[%emt 00:00:34]}
40. gxf5 {[%clk 00:06:55]} {[%emt 00:00:27]} gxf5 {[%clk 00:14:01]} {[%emt
00:00:27]} 41. h4 {[%clk 00:06:43]} {[%emt 00:00:28]} h5 {[%clk 00:14:00]}
{[%emt 00:00:15]} 42. Kd2 {[%clk 00:06:10]} {[%emt 00:00:47]} Rd7 {[%clk
00:14:02]} {[%emt 00:00:14]} 43. Rc5 {[%clk 00:05:52]} {[%emt 00:00:33]} a6
{[%clk 00:14:01]} {[%emt 00:00:17]} 44. Rc6 {[%clk 00:05:56]} {[%emt 00:00:11]}
Ra7 {[%clk 00:13:35]} {[%emt 00:00:41]} 45. Rd6 {[%clk 00:06:06]} {[%emt
00:00:04]} a5 {[%clk 00:13:33]} {[%emt 00:00:18]} 46. bxa5 {[%clk 00:05:39]}
{[%emt 00:00:41]} Rxa5 {[%clk 00:13:34]} {[%emt 00:00:13]} 47. Rxd5 {[%clk
00:05:50]} {[%emt 00:00:05]} Rxa3 {[%clk 00:13:23]} {[%emt 00:00:27]} 48. Rxb5
{[%clk 00:05:52]} {[%emt 00:00:13]} Ra2+ {[%clk 00:13:29]} {[%emt 00:00:09]}
49. Kc3 {[%clk 00:05:44]} {[%emt 00:00:23]} Rh2 {[%clk 00:13:23]} {[%emt
00:00:20]} 50. Rxf5 {[%clk 00:05:33]} {[%emt 00:00:26]} Rxh4 {[%clk 00:13:28]}
{[%emt 00:00:09]} 51. e4 {[%clk 00:05:27]} {[%emt 00:00:22]} Kg6 {[%clk
00:13:06]} {[%emt 00:00:37]} 52. d5 {[%clk 00:05:28]} {[%emt 00:00:14]} Rh1
{[%clk 00:13:01]} {[%emt 00:00:21]} 53. Kc2 {[%clk 00:05:16]} {[%emt 00:00:27]}
h4 {[%clk 00:12:53]} {[%emt 00:00:22]} 54. d6 {[%clk 00:05:10]} {[%emt
00:00:22]} h3 {[%clk 00:12:51]} {[%emt 00:00:16]} 55. d7 {[%clk 00:05:24]}
{[%emt 00:00:01]} h2 {[%clk 00:12:45]} {[%emt 00:00:21]} 56. Rg5+ {[%clk
00:05:04]} {[%emt 00:00:36]} Kxg5 {[%clk 00:12:00]} {[%emt 00:00:59]} 57. d8=Q+
{[%clk 00:05:13]} {[%emt 00:00:05]} Kh5 {[%clk 00:11:26]} {[%emt 00:00:50]} 58.
Qe8+ {[%clk 00:05:04]} {[%emt 00:00:24]} Kg5 {[%clk 00:11:22]} {[%emt
00:00:19]} 59. Qg8+ {[%clk 00:05:17]} {[%emt 00:00:02]} Kf4 {[%emt 00:00:57]}
60. Qg2 {[%clk 00:05:30]} Ra1 {[%clk 00:10:10]} {[%emt 00:00:47]} 61. Qxh2+
{[%clk 00:05:43]} {[%emt 00:00:03]} Ke3 {[%clk 00:08:26]} {[%emt 00:01:58]} 62.
Qd2+ {[%clk 00:05:41]} {[%emt 00:00:17]} Kxf3 {[%clk 00:08:24]} {[%emt
00:00:27]} 63. Qc3+ {[%clk 00:05:55]} {[%emt 00:00:02]} Kxe4 {[%clk 00:08:19]}
{[%emt 00:00:20]} 64. Qxa1 {[%clk 00:06:08]} {[%emt 00:00:02]} Kf3 {[%clk
00:08:01]} {[%emt 00:00:32]} 65. Qa4 {[%clk 00:06:22]} {[%emt 00:00:02]} Ke3
{[%clk 00:08:03]} {[%emt 00:00:12]} 66. Qh4 {[%clk 00:06:26]} {[%emt 00:00:12]}
Kf3 {[%clk 00:08:04]} {[%emt 00:00:14]} 67. Kc3 {[%clk 00:06:37]} {[%emt
00:00:04]} Ke3 {[%clk 00:08:04]} {[%emt 00:00:14]} 68. Kc4 {[%clk 00:06:41]}
{[%emt 00:00:11]} Kf3 {[%clk 00:08:11]} {[%emt 00:00:09]} 69. Kd5 {[%clk
00:06:55]} Ke3 {[%clk 00:08:01]} {[%emt 00:00:24]} 70. Qg4 {[%clk 00:07:09]}
{[%emt 00:00:01]} Kd3 {[%clk 00:08:03]} {[%emt 00:00:13]} 71. Qf3+ {[%clk
00:07:23]} {[%emt 00:00:02]} Kd2 {[%clk 00:08:02]} {[%emt 00:00:16]} 72. Kc4
{[%clk 00:07:35]} {[%emt 00:00:03]} Kc2 {[%clk 00:08:10]} {[%emt 00:00:07]} 73.
Qe2+ {[%clk 00:07:49]} {[%emt 00:00:01]} Kb1 {[%clk 00:07:52]} {[%emt
00:00:33]} 74. Kc3 {[%clk 00:08:03]} {[%emt 00:00:01]} Ka1 {[%clk 00:07:04]}
{[%emt 00:01:08]} 75. Qb2# 1-0

[Event "DEM U8 2025"]
[Site "Willingen GER"]
[Date "2025.06.13"]
[Round "5"]
[White "Gurevich, Lev"]
[Black "Fuchs, Louis Joel"]
[Result "0-1"]
[Termination "normal"]
[Board "17"]
[WhiteElo "799"]
[BlackElo "1175"]
[WhiteClock "00:49:00"]
[BlackClock "00:58:31"]
[PlyCount "78"]
[EventCountry "GER"]
[EventRounds "7"]
[EventType "swiss"]
[EventDate "2025.06.10"]

1. d4 {[%clk 01:00:27]} {[%emt 00:00:03]} d5 {[%clk 01:00:24]} {[%emt
00:00:06]} 2. Bf4 {[%clk 01:00:27]} {[%emt 00:00:15]} Bf5 {[%clk 01:00:28]}
{[%emt 00:00:11]} 3. Nc3 {[%clk 01:00:29]} {[%emt 00:00:12]} Nc6 {[%clk
01:00:35]} {[%emt 00:00:09]} 4. a3 {[%clk 01:00:21]} {[%emt 00:00:23]} e6
{[%clk 01:00:39]} {[%emt 00:00:11]} 5. Nf3 {[%clk 01:00:28]} {[%emt 00:00:08]}
Nf6 {[%clk 01:00:42]} {[%emt 00:00:12]} 6. e3 {[%clk 01:00:33]} {[%emt
00:00:10]} Bd6 {[%clk 01:00:47]} {[%emt 00:00:10]} 7. Bg3 {[%clk 01:00:37]}
{[%emt 00:00:09]} O-O {[%clk 01:00:43]} {[%emt 00:00:20]} 8. Bd3 {[%clk
01:00:34]} {[%emt 00:00:18]} Ne4 {[%clk 01:00:39]} {[%emt 00:00:19]} 9. Bxe4
{[%clk 01:00:20]} {[%emt 00:00:29]} dxe4 {[%clk 01:00:27]} {[%emt 00:00:27]}
10. Ne5 {[%clk 00:58:47]} {[%emt 00:01:48]} Nxe5 {[%clk 01:00:17]} {[%emt
00:00:26]} 11. dxe5 {[%clk 00:58:34]} {[%emt 00:00:28]} Bc5 {[%clk 01:00:23]}
{[%emt 00:00:09]} 12. O-O {[%emt 00:00:12]} Qxd1 {[%emt 00:00:30]} 13. Raxd1
{[%clk 00:57:48]} {[%emt 00:00:18]} Rfd8 {[%clk 01:00:31]} {[%emt 00:00:07]}
14. Bh4 {[%clk 00:57:27]} {[%emt 00:00:37]} Re8 {[%clk 00:59:59]} {[%emt
00:00:47]} 15. Nb5 {[%clk 00:57:07]} {[%emt 00:00:34]} Bb6 {[%clk 00:59:39]}
{[%emt 00:00:36]} 16. h3 {[%clk 00:56:56]} {[%emt 00:00:25]} c6 {[%clk
00:59:46]} {[%emt 00:00:09]} 17. Nd6 {[%clk 00:56:46]} {[%emt 00:00:25]} Rf8
{[%clk 00:59:39]} {[%emt 00:00:22]} 18. Nxb7 {[%clk 00:56:14]} {[%emt
00:00:47]} f6 {[%clk 00:59:37]} {[%emt 00:00:16]} 19. exf6 {[%clk 00:56:15]}
{[%emt 00:00:15]} gxf6 {[%clk 00:59:44]} {[%emt 00:00:08]} 20. Nd6 {[%clk
00:55:29]} {[%emt 00:01:01]} Bc7 {[%clk 00:59:06]} {[%emt 00:00:54]} 21. Nxf5
{[%clk 00:55:19]} {[%emt 00:00:24]} exf5 {[%clk 00:59:08]} {[%emt 00:00:14]}
22. Rd7 {[%emt 00:00:27]} Be5 {[%emt 00:00:15]} 23. b3 {[%clk 00:54:24]} {[%emt
00:00:27]} Rad8 {[%clk 00:59:04]} {[%emt 00:00:19]} 24. Rxa7 {[%clk 00:54:08]}
{[%emt 00:00:31]} Rd2 {[%clk 00:59:05]} {[%emt 00:00:14]} 25. c4 {[%clk
00:53:57]} {[%emt 00:00:25]} Rb2 {[%clk 00:59:01]} {[%emt 00:00:20]} 26. b4
{[%clk 00:53:35]} {[%emt 00:00:36]} Rd8 {[%clk 00:58:52]} {[%emt 00:00:24]} 27.
Bg3 {[%clk 00:51:52]} {[%emt 00:01:59]} Bxg3 {[%clk 00:58:47]} {[%emt
00:00:21]} 28. fxg3 {[%emt 00:00:02]} Rdd2 {[%emt 00:00:14]} 29. Rc1 {[%clk
00:49:52]} {[%emt 00:01:57]} Rxg2+ {[%clk 00:58:44]} {[%emt 00:00:18]} 30. Kh1
{[%clk 00:49:44]} {[%emt 00:00:23]} Rh2+ {[%clk 00:58:48]} {[%emt 00:00:11]}
31. Kg1 {[%clk 00:49:47]} {[%emt 00:00:11]} Rbg2+ {[%clk 00:58:45]} {[%emt
00:00:19]} 32. Kf1 {[%clk 00:49:53]} {[%emt 00:00:08]} Rxg3 {[%clk 00:58:21]}
{[%emt 00:00:40]} 33. Re1 {[%clk 00:49:33]} {[%emt 00:00:35]} Rgxh3 {[%clk
00:58:11]} {[%emt 00:00:25]} 34. a4 {[%clk 00:49:30]} {[%emt 00:00:18]} Rf3+
{[%clk 00:58:14]} {[%emt 00:00:12]} 35. Kg1 {[%clk 00:49:33]} {[%emt 00:00:11]}
Rff2 {[%clk 00:58:24]} {[%emt 00:00:06]} 36. b5 {[%clk 00:49:17]} {[%emt
00:00:31]} Rc2 {[%clk 00:58:32]} {[%emt 00:00:07]} 37. bxc6 {[%clk 00:49:09]}
{[%emt 00:00:22]} Rcg2+ {[%clk 00:58:36]} {[%emt 00:00:12]} 38. Kf1 {[%clk
00:49:11]} {[%emt 00:00:13]} Rc2 {[%clk 00:58:42]} {[%emt 00:00:09]} 39. c7
{[%clk 00:49:00]} {[%emt 00:00:26]} Rh1# {[%clk 00:58:31]} {[%emt 00:00:07]}
0-1